[Event "Barcelona Sant Marti op-B 19th"]
[Site "Barcelona"]
[Date "2017.07.17"]
[Round "5"]
[White "Gibert Juan, Ramon"]
[Black "Moreno Oller, Victor"]
[Result "0-1"]
[WhiteElo "1580"]
[BlackElo "1730"]
[PlyCount "98"]
[EventDate "2017.07.13"]
[EventType "swiss"]
[EventRounds "9"]
[EventCountry "ESP"]
[SourceTitle "EXT 2018"]
[Source "ChessBase"]
[SourceDate "2017.10.13"]
[SourceVersion "1"]
[SourceVersionDate "2017.10.13"]
[SourceQuality "1"]

1. d4 Nf6 2. c4 g6 3. Nc3 Bg7 4. e4 d6 5. Nf3 0-0 6. Be2 Bg4 7. 0-0 Nfd7 8. Bg5 Nc6 9. d5 Bxf3 10. Bxf3 Na5 11. Be2 Bxc3 12. bxc3 Nb6 13. Bh6 Re8 14. Qd4 f6 15. f4 Nd7 16. Rf3 c5 17. dxc6 Nxc6 18. Qd5+ e6 19. Qxd6 Qb6+ 20. Kf1 Rad8 21. Qd2 Nde5 22. Qc2 Nxf3 23. Bxf3 Qe3 24. Re1 Rd2 25. Rxe3 Rxc2 26. a4 Rd8 27. Ke1 Rc1+ 28. Kf2 Ra1 29. Bg4 Kf7 30. f5 Rd2+ 31. Kg3 Ne5 32. fxe6+ Ke7 33. Bh3 Rd3 34. c5 Rxe3+ 35. Bxe3 Nc6 36. Bf4 Ne5 37. Be3 Ra3 38. Bd4 Nc6 39. Kf4 Rxa4 40. Ke3 Ra2 41. Kf4 h5 42. Kf3 a5 43. g3 Rxh2 44. Bg2 Nxd4+ 45. cxd4 Kxe6 46. d5+ Kd7 47. Kf2 a4 48. c6+ bxc6 49. dxc6+ Kc7 0-1

[Event "Foment Martinenc op-B 19st"]
[Site "Barcelona"]
[Date "2017.06.17"]
[Round "9.15"]
[White "Gibert Juan, Ramon"]
[Black "Climent Vidal, Pere"]
[Result "1-0"]
[WhiteElo "1580"]
[BlackElo "1552"]
[PlyCount "73"]
[EventDate "2017.04.22"]
[EventType "swiss"]
[EventRounds "9"]
[EventCountry "ESP"]
[SourceTitle "EXT 2024"]
[Source "ChessBase"]
[SourceDate "2023.10.10"]
[SourceVersion "1"]
[SourceVersionDate "2023.10.10"]
[SourceQuality "1"]

1. e4 e6 2. d4 d5 3. e5 c5 4. c3 Qb6 5. Nf3 Ne7 6. Be2 Nf5 7. 0-0 Be7 8. Bd3 Nc6 9. Bxf5 exf5 10. b3 Be6 11. Ng5 Bxg5 12. Bxg5 h6 13. Be3 cxd4 14. cxd4 g5 15. f4 0-0-0 16. Nc3 Kb8 17. Na4 Qb4 18. a3 Qe7 19. b4 Rc8 20. Nc5 b6 21. Na6+ Kb7 22. b5 Na5 23. Bd2 Nc4 24. Bb4 Qd7 25. Qa4 Qe8 26. Bd6 Nxd6 27. exd6 Qd7 28. Nb4 Ka8 29. Nc6 Qb7 30. Rac1 Bd7 31. Ne7 g4 32. Nxc8 Rxc8 33. Rfe1 Be6 34. Qa6 Qxa6 35. bxa6 Rc4 36. Rxc4 dxc4 37. Rxe6 1-0